Score 0/13 Timer 04:00
0 Plays Today
File type Extension % Correct
PowerPoint.ppt
90.6%
Excel.xls
77%
QuickTime.mov
66.7%
Adobe Flash.swf
52.4%
WordPad.rtf
50.2%
iTunes.m4a
38.2%
RealPlayer.ra
34%
Access.mdb
30.7%
Stuffit.sit
27.2%
Visio.vsd
26.5%
AutoCad.dwg
24.3%
QuickBooks.qbb
23.6%
GarageBand.caf
21.7%

You're not logged in!

Compare scores with friends on all Sporcle quizzes.
OR
Log In

Sporcle TV

Today on Sporcle TV


Watch our educational content, quiz creation guides, and fun videos on Sporcle TV.

Show Comments

Extras

Top Quizzes Today


Score Distribution

Paid Content

Your Account Isn't Verified!

In order to create a playlist on Sporcle, you need to verify the email address you used during registration. Go to your Sporcle Settings to finish the process.

Report this User

Report this user for behavior that violates our Community Guidelines.

Details: